[Event "Bogota op 10"]
[Site "Bogota"]
[Date "2012.10.16"]
[Round "6"]
[White "Galeano, Oscar Arturo"]
[Black "Garzon, Laura Viviana"]
[Result "0-1"]
[WhiteElo "1691"]
[BlackElo "1671"]
[PlyCount "24"]
[EventDate "2012.10.11"]
[EventType "swiss"]
[EventRounds "9"]
[EventCountry "COL"]
[SourceTitle "EXT 2013"]
[Source "ChessBase"]
[SourceDate "2012.11.22"]
[SourceVersion "1"]
[SourceVersionDate "2012.11.22"]
[SourceQuality "1"]

1. e4 e5 2. f4 Nc6 3. Bc4 Bc5 4. Nc3 d6 5. Nf3 Bg4 6. Bb3 Nd4 7. fxe5 Nxf3+ 8. gxf3 Qh4+ 9. Ke2 Qf2+ 10. Kd3 Bxf3 11. Ne2 Bxe2+ 12. Qxe2 Qd4# 0-1

[Event "Bogota op 10"]
[Site "Bogota"]
[Date "2012.10.11"]
[Round "1"]
[White "Mercado, Luisa Fernanda"]
[Black "Galeano, Oscar Arturo"]
[Result "1-0"]
[WhiteElo "2044"]
[BlackElo "1691"]
[PlyCount "59"]
[EventDate "2012.10.11"]
[EventType "swiss"]
[EventRounds "9"]
[EventCountry "COL"]
[SourceTitle "EXT 2013"]
[Source "ChessBase"]
[SourceDate "2012.11.22"]
[SourceVersion "1"]
[SourceVersionDate "2012.11.22"]
[SourceQuality "1"]

1. e4 e5 2. Nf3 Nc6 3. Bb5 d6 4. d4 exd4 5. Nxd4 Bd7 6. 0-0 Be7 7. Nc3 Nf6 8. Re1 0-0 9. Nxc6 bxc6 10. Bc4 Re8 11. Bf4 Be6 12. Bxe6 fxe6 13. e5 Nd5 14. exd6 Bxd6 15. Be5 Rb8 16. Na4 Rb4 17. b3 Rh4 18. Bg3 Rh6 19. c4 Nf6 20. Qf3 c5 21. Rad1 Qe7 22. Qc6 e5 23. Nc3 Ng4 24. h3 Nf6 25. Nb5 Nh5 26. Bh2 Rf8 27. Nxa7 Qf7 28. Re2 Nf4 29. Bxf4 Qxf4 30. Nb5 1-0